000 00360nam a2200121Ia 4500
005 20251222154349.0
008 251222s9999||||xx |||||||||||||| ||spa||
082 _a985.14/B96
100 _aBusto Duthurburu, José Antonio del
245 0 _aGuía Turística del Departamento de La Libertad
264 _bPontificia Universidad Católica Del Perú
942 _cLIB
999 _c34850
_d34850